[Event "Mechanics' Spring TNM; 30/90, SD/30"]
[Site "San Francisco"]
[Date "2009.05.05"]
[Round "8.5"]
[White "Naroditsky, Alan"]
[Black "Traub, Igor"]
[Result "1-0"]
[WhiteElo "2025"]
[BlackElo "2039"]
[PlyCount "47"]
[EventDate "2009.??.??"]

1. e4 d5 2. exd5 Nf6 3. Bb5+ Nbd7 4. c4 a6 5. Ba4 b5 6. cxb5 Nxd5 7. Nc3 Nb4 8.
d4 e6 9. Bf4 Nb6 10. Bb3 Bb7 11. Nf3 axb5 12. Nxb5 N4d5 13. Bd2 Ba6 14. Nc3 Nb4
15. Ne5 Qxd4 16. Ba4+ c6 17. Bxc6+ Nxc6 18. Nxc6 Qc5 19. Qf3 Rc8 20. Na7 Rc7
21. Be3 Qb4 22. O-O-O Nd5 (22... Rxc3+ {was winning}) 23. Rxd5 exd5 24. Qxd5 {
and White won in mutual bad time pressure. Remaining moves unavailable.} 1-0

[Event "Mechanics' Summer TNM; 30/90, SD/30"]
[Site "San Francisco"]
[Date "2009.06.25"]
[Round "5.26"]
[White "Nelson, Chris"]
[Black "Lara, Jaime"]
[Result "0-1"]
[WhiteElo "1398"]
[BlackElo "1670"]
[PlyCount "70"]
[EventDate "2009.??.??"]

1. d4 d5 2. Nf3 c6 3. e3 Bg4 4. Be2 Nf6 5. O-O Nbd7 6. Nbd2 e6 7. c3 b5 8. Ne1
Bxe2 9. Qxe2 Be7 10. f4 O-O 11. e4 dxe4 12. Nxe4 Nxe4 13. Qxe4 Qb6 14. b4 Nf6
15. Qe2 Nd5 16. Bb2 a5 17. a3 axb4 18. cxb4 Bf6 19. Nc2 Rad8 20. Kh1 Qc7 21.
Qf2 g6 22. Rad1 Bg7 23. Ne3 Nxe3 24. Qxe3 Rd5 25. Rd3 Rfd8 26. h4 h5 27. Rfd1
Bh6 28. g3 Qd7 29. Kh2 e5 30. R1d2 exf4 31. gxf4 Qg4 32. Qf2 Bxf4+ 33. Rg3
Qxh4+ 34. Kg2 Bxg3 35. Qxg3 Rg5 0-1

[Event "Mechanics' Summer TNM; 30/90, SD/30"]
[Site "San Francisco"]
[Date "2009.06.09"]
[Round "3.28"]
[White "Nelson, Chris"]
[Black "Mar, Henry"]
[Result "1-0"]
[WhiteElo "1398"]
[BlackElo "1500"]
[PlyCount "89"]
[EventDate "2009.??.??"]

1. f4 Nf6 2. d4 d5 3. e3 Nc6 4. Nc3 e6 5. Bd2 a6 6. a3 Bd6 7. Bd3 O-O 8. g4 Ne4
9. Nf3 Be7 10. g5 f6 11. h4 f5 12. h5 Qe8 13. Rh3 b5 14. Qe2 b4 15. Nd1 bxa3
16. bxa3 a5 17. c4 a4 18. c5 Na5 19. Bxe4 dxe4 20. Ne5 Ba6 21. Qg2 Nb3 22. Ra2
Nxd2 23. Qxd2 Qb5 24. Rh1 Rad8 25. Qc1 Qa5+ 26. Kf2 Qb5 27. Rb2 Qe8 28. Nc3 Rb8
29. Rxb8 Qxb8 30. Nd7 Qb3 31. Nxf8 Bxf8 32. h6 g6 33. Rd1 c6 34. Rd2 Qc4 35.
Rb2 Bb5 36. Rb4 Qd3 37. Nxb5 cxb5 38. Rb1 Be7 39. Qb2 Bf8 40. Rc1 Kf7 41. Qc3
Be7 42. c6 Bd6 43. c7 Bxa3 44. c8=Q Bxc1 45. Q3c7# 1-0

[Event "Mechanics' Summer TNM; 30/90, SD/30"]
[Site "San Francisco"]
[Date "2009.07.07"]
[Round "7.32"]
[White "Nelson, Chris"]
[Black "Ravdin, Bill"]
[Result "1-0"]
[WhiteElo "1398"]
[BlackElo "1280"]
[PlyCount "23"]
[EventDate "2009.??.??"]

1. d4 d5 2. Nf3 c5 3. c4 dxc4 4. e3 cxd4 5. exd4 Nf6 6. Bxc4 Bg4 7. Bxf7+ Kxf7
8. Ne5+ Ke8 9. Nxg4 Nc6 10. Nxf6+ exf6 11. O-O Bb4 12. d5 1-0

[Event "Mechanics' Wilkerson Mem TNM; 30/90, SD"]
[Site "San Francisco"]
[Date "2009.08.11"]
[Round "2.17"]
[White "Nelson, Christopher"]
[Black "Argishti, Dante"]
[Result "0-1"]
[WhiteElo "1563"]
[BlackElo "2046"]
[PlyCount "80"]
[EventDate "2009.??.??"]

1. d4 Nf6 2. Nf3 d5 3. Bg5 c5 4. Bxf6 exf6 5. e3 Qb6 6. Qc1 cxd4 7. Nxd4 Bc5 8.
Nb3 Bb4+ 9. N1d2 O-O 10. c3 Bd6 11. Bd3 Nc6 12. Qc2 g6 13. O-O-O Bd7 14. h4 Ne5
15. Nf3 Bg4 16. Be2 Bf5 17. Bd3 Nxd3+ 18. Rxd3 a5 19. Qd2 a4 20. Nbd4 Be4 21.
Qd1 Rfc8 22. h5 Qa6 23. Rd2 Qc4 24. Ne1 Qxa2 25. Nec2 a3 26. Rd3 axb2+ 27. Kd2
Qc4 28. Qe2 Qa2 29. Qd1 Bxd3 30. Kxd3 Qc4+ 31. Kd2 Qxc3+ 32. Ke2 b5 33. Kf3 b4
34. hxg6 hxg6 35. Nb5 Qxc2 36. Qxd5 Qf5+ 37. Qxf5 gxf5 38. Nxd6 Rc1 39. Rh3
b1=Q 40. Rg3+ Kf8 0-1

[Event "Mechanics' Spring TNM; 30/90, SD/30"]
[Site "San Francisco"]
[Date "2009.03.31"]
[Round "3.22"]
[White "Nelson, Christopher"]
[Black "Bultman, Charles"]
[Result "1/2-1/2"]
[WhiteElo "1420"]
[BlackElo "1724"]
[PlyCount "96"]
[EventDate "2009.??.??"]

1. d4 Nf6 2. Nf3 g6 3. Bg5 Bg7 4. e3 O-O 5. Nbd2 d5 6. Bd3 Nc6 7. c3 Re8 8. Qe2
Qd6 9. Bf4 Qd7 10. Bb5 Ng4 11. h3 e5 12. dxe5 Ngxe5 13. Nxe5 Bxe5 14. Bxe5 Rxe5
15. f4 Re7 16. O-O-O Qe8 17. Rhe1 Bf5 18. g4 Be4 19. Nxe4 dxe4 20. h4 a6 21.
Ba4 b5 22. Bc2 b4 23. Qc4 Rb8 24. h5 bxc3 25. Qxc3 Nb4 26. Bb3 $2 Nd3+ 27. Rxd3
exd3 28. Qxd3 Rd8 29. Qc3 Rd6 30. Kb1 Qd8 31. hxg6 Rxg6 32. Rh1 Qa8 33. Rh2
Rxg4 34. a3 Rg1+ 35. Ka2 Qe8 36. Bc2 Rg7 37. e4 Rxe4 38. Bxe4 Qxe4 39. Rd2 Qe6+
40. b3 h5 41. Qxc7 Rg3 42. Qb8+ Kh7 43. f5 Qe3 44. Rh2 Qg5 45. Rxh5+ Qxh5 46.
Qxg3 Qe2+ 47. Kb1 Qd1+ 48. Kb2 Qd2+ 1/2-1/2

[Event "Mechanics' Fall TNM; 30/90, SD/30"]
[Site "San Francisco"]
[Date "2009.11.17"]
[Round "5.21"]
[White "Nelson, Christopher"]
[Black "Dembling, Arthur"]
[Result "0-1"]
[WhiteElo "1588"]
[BlackElo "1729"]
[PlyCount "108"]
[EventDate "2009.??.??"]

1. d4 Nf6 2. Nf3 e6 3. Bg5 Be7 4. e3 b6 5. Nbd2 Bb7 6. Bd3 c5 7. c3 Nc6 8. Qe2
O-O 9. O-O d6 10. Rfe1 Re8 11. Nf1 h6 12. Bh4 Rc8 13. e4 cxd4 14. cxd4 Nb4 15.
Bxf6 Bxf6 16. a3 Nxd3 17. Qxd3 Rc7 18. Ne3 Qd7 19. Ng4 Be7 20. e5 d5 21. b4
Rec8 22. Qe3 Kh7 23. Rac1 Ba6 24. Rxc7 Rxc7 25. Qb3 Qc6 26. h3 Qc4 27. Qe3 Qc3
28. Qf4 Bg5 29. Nxg5+ hxg5 30. Qe3 Rc4 31. Rd1 Qxe3 32. fxe3 Rc3 33. a4 Be2 34.
Re1 Bc4 35. e4 dxe4 36. Rxe4 Bd5 37. Re2 Rd3 38. Rc2 Rxd4 39. Rc7 Kg6 40. Rxa7
Rxb4 41. Ne3 Be4 42. Kh2 Rb2 43. Rc7 Re2 44. Rc3 f5 45. Kg1 f4 46. Kf1 Rxe3 47.
Rxe3 fxe3 48. g4 Bc2 49. Ke2 Bxa4 50. Kxe3 Bc6 51. Kd4 Bg2 52. Kc4 Bxh3 53. Kb5
Bxg4 54. Kxb6 Kf5 0-1

[Event "Mechanics' Spring TNM; 30/90, SD/30"]
[Site "San Francisco"]
[Date "2009.04.21"]
[Round "6.18"]
[White "Nelson, Christopher"]
[Black "Dembling, Arthur"]
[Result "0-1"]
[WhiteElo "1420"]
[BlackElo "1714"]
[PlyCount "82"]
[EventDate "2009.??.??"]

1. d4 Nf6 2. Nf3 e6 3. Bg5 Be7 4. e3 b6 5. Bd3 Bb7 6. Nbd2 c5 7. Qe2 Nc6 8. c3
O-O 9. O-O h6 10. Bf4 d6 11. e4 cxd4 12. cxd4 Nb4 13. Bc4 d5 14. exd5 exd5 15.
Bb3 Ba6 16. Qe3 Ng4 17. Qc3 Rc8 18. Bc4 Bxc4 19. Nxc4 Rxc4 20. Qb3 Bd6 21. Bxd6
Qxd6 22. a3 Nc6 23. Rad1 Rc8 24. g3 Na5 25. Qd3 Qg6 26. Qe2 Rc2 27. Qa6 R8c7
28. Rfe1 Qf6 29. Re8+ Kh7 30. Qd3+ g6 31. Rf1 Rxb2 32. h3 Rb3 33. Qd2 Qxf3 34.
hxg4 Qxg4 35. Rh8+ Kxh8 36. Qxh6+ Kg8 37. Re1 Rc8 38. Qh1 Qf5 39. Qh4 Rb2 40.
f4 Qc2 41. Qh3 Qf2+ 0-1

[Event "Mechanics' Wilkerson Mem TNM; 30/90, SD"]
[Site "San Francisco"]
[Date "2009.09.01"]
[Round "5.24"]
[White "Nelson, Christopher"]
[Black "Durig, Alex"]
[Result "1-0"]
[WhiteElo "1563"]
[BlackElo "1234"]
[PlyCount "85"]
[EventDate "2009.??.??"]

1. e4 c5 2. d4 cxd4 3. Nf3 Nf6 4. e5 Nd5 5. Nxd4 e6 6. Bc4 Nc6 7. Nxc6 dxc6 8.
O-O Be7 9. Qg4 Bf8 10. Rd1 g6 11. Nc3 Qc7 12. Qg3 Bg7 13. f4 O-O 14. Ne4 b5 15.
Be2 a5 16. Qh4 f5 17. Nd6 Ba6 18. Kh1 Qb6 19. Rd3 b4 20. Rh3 h6 21. Bxa6 Rxa6
22. Be3 Nxe3 23. Rxe3 a4 24. Qe7 Qa7 25. Qxe6+ Kh8 26. Rg3 Rg8 27. Nf7+ Qxf7
28. Qxf7 Rf8 29. Qxg6 Ra7 30. Re1 c5 31. e6 Rf6 32. Qe8+ Rf8 33. Qb5 Re7 34.
Qxc5 Rfe8 35. Rg6 Kh7 36. Qxf5 Kh8 37. Qb5 Kh7 38. f5 Bf8 39. Qd3 Kh8 40. c4
bxc3 41. Qxc3+ Rg7 42. e7 Kh7 43. exf8=N+ 1-0

[Event "Mechanics' Wilkerson Mem TNM; 30/90, SD"]
[Site "San Francisco"]
[Date "2009.08.25"]
[Round "4.16"]
[White "Nelson, Christopher"]
[Black "Gray, William"]
[Result "0-1"]
[WhiteElo "1563"]
[BlackElo "2061"]
[PlyCount "62"]
[EventDate "2009.??.??"]

1. d4 d5 2. Nf3 Nc6 3. e3 Bg4 4. Be2 e6 5. Nbd2 Nf6 6. c3 Bd6 7. O-O O-O 8. Ne1
Bxe2 9. Qxe2 e5 10. dxe5 Nxe5 11. Nef3 Re8 12. Nxe5 Rxe5 13. Nf3 Re7 14. Nd4
Qd7 15. Qf3 Re5 16. g3 h5 17. Qg2 h4 18. f3 hxg3 19. hxg3 Rg5 20. Ne2 Re8 21.
e4 Rg6 22. Be3 dxe4 23. Rad1 Qe7 24. Nf4 Bxf4 25. Bxf4 Nh5 26. Qd2 Nxg3 27.
Bxg3 Rxg3+ 28. Kf2 e3+ 29. Qxe3 Qxe3+ 30. Kxg3 Qg5+ 31. Kh2 Qh4+ 0-1

[Event "Mechanics' Fall TNM; 30/90, SD/30"]
[Site "San Francisco"]
[Date "2009.12.01"]
[Round "7.15"]
[White "Nelson, Christopher"]
[Black "Leavens, Weston"]
[Result "0-1"]
[WhiteElo "1588"]
[BlackElo "1812"]
[PlyCount "93"]
[EventDate "2009.??.??"]

1. d4 f5 2. c4 Nf6 3. Nc3 g6 4. Bg5 Bg7 5. Qd3 d6 6. e3 O-O 7. g3 c6 8. Bg2 h6
9. Bxf6 Bxf6 10. Nge2 e5 11. O-O Be6 12. d5 e4 13. Qc2 Bf7 14. Rad1 Na6 15. a3
Nc5 16. b4 Nd3 17. Nc1 Ne5 18. N3e2 Rc8 19. dxc6 Rxc6 20. c5 Qc8 21. Nd4 Ra6
22. Nb5 dxc5 23. Nd6 Qc7 24. Nxf7 Rxf7 25. Rd5 cxb4 26. Rc5 Rc6 27. axb4 Rxc5
28. bxc5 Rd7 29. Qa2+ Kg7 30. Qxa7 Be7 31. Nb3 Nd3 32. Nd4 Kf6 33. Qa1 Ne5 34.
Rc1 Bxc5 35. Nb3 b6 36. Nxc5 bxc5 37. Bf1 Kf7 38. Qa2+ Kg7 39. Qb2 Kh7 40. Ra1
Nd3 41. Bxd3 exd3 42. Ra8 Rd8 43. Rxd8 Qxd8 44. Qb7+ Kg8 45. Qb3+ Kf8 46. Kf1
d2 47. Ke2 0-1

[Event "Mechanics' Winter TNM; 30/90, SD/30"]
[Site "San Francisco"]
[Date "2009.01.20"]
[Round "3.25"]
[White "Nelson, Christopher"]
[Black "Livschitz, Jennifer"]
[Result "0-1"]
[WhiteElo "1407"]
[BlackElo "1631"]
[PlyCount "102"]
[EventDate "2009.??.??"]

1. d4 d5 2. Nf3 Nf6 3. Bg5 e6 4. e3 Be7 5. Bd3 h6 6. Bh4 O-O 7. c3 b6 8. Nbd2
Bb7 9. Qc2 Nbd7 10. e4 dxe4 11. Nxe4 Nxe4 12. Bxe7 Qxe7 13. Bxe4 Bxe4 14. Qxe4
Nf6 15. Qe2 Rad8 16. O-O c5 17. Ne5 Qd6 18. Rfe1 cxd4 19. cxd4 Rc8 20. Rad1
Rfd8 21. Qf3 Qd5 22. Qa3 Qb7 23. b3 Nd5 24. Rc1 Nf4 25. Nf3 Rxc1 26. Qxc1 Nd3
27. Qd2 Nxe1 28. Qxe1 Qc6 29. Ne5 Qd5 30. h3 Qxd4 31. Kh2 Qd6 32. f4 Qd2 33.
Qh4 Rd4 34. Nc6 Qxf4+ 35. Qxf4 Rxf4 36. Nxa7 Rf2 37. a3 Rb2 38. b4 Rb3 39. Nb5
Kf8 40. Kg1 Ke7 41. Kf1 Kd7 42. Ke1 Rb2 43. g4 Kc6 44. Nc3 Rb3 45. b5+ Kc5 46.
Kd2 Rxa3 47. Ne4+ Kxb5 48. Nd6+ Kc5 49. Nxf7 Rxh3 50. Nd8 Kd6 51. Nf7+ Kd5 0-1

[Event "Mechanics' Wilkerson Mem TNM; 30/90, SD"]
[Site "San Francisco"]
[Date "2009.09.22"]
[Round "8.19"]
[White "Nelson, Christopher"]
[Black "Montoya, Daniel"]
[Result "0-1"]
[WhiteElo "1563"]
[BlackElo "1082"]
[PlyCount "56"]
[EventDate "2009.??.??"]

1. e4 e5 2. Nf3 Nc6 3. d4 exd4 4. Nxd4 Bc5 5. Be3 Qf6 6. c3 Nge7 7. Bc4 Ne5 8.
Bb3 Qg6 9. O-O d6 10. f3 Be6 11. Ba4+ c6 12. b4 Bb6 13. Nc2 Bc4 14. Nd2 Bxe3+
15. Nxe3 Bxf1 16. Qxf1 O-O 17. Qe2 Qg5 18. Rf1 N7g6 19. Kh1 Nf4 20. Qf2 Ned3
21. Qg3 Qxg3 22. hxg3 Ne2 23. Kh2 Nxc3 24. Bc2 Nxb4 25. Bb3 Ncxa2 26. Nf5 Rfd8
27. Nc4 g6 28. Nfxd6 b5 {Black won in 50 moves.} 0-1

[Event "Mechanics' Winter TNM; 30/90, SD/30"]
[Site "San Francisco"]
[Date "2009.01.06"]
[Round "1.16"]
[White "Nelson, Christopher"]
[Black "Russell, Joe"]
[Result "0-1"]
[WhiteElo "1407"]
[BlackElo "1831"]
[PlyCount "40"]
[EventDate "2009.??.??"]

1. d4 Nf6 2. Nf3 d5 3. c4 c6 4. Nc3 e6 5. Bf4 a6 6. e3 b5 7. cxd5 cxd5 8. Bd3
Bb7 9. O-O Be7 10. Rc1 Nbd7 11. Nxb5 axb5 12. Bc7 Qc8 13. Bd6 Qd8 14. Bc7 Qc8
15. Bxb5 O-O 16. Bd6 Qe8 17. Bc7 Ba6 18. Ba4 Bxf1 19. Kxf1 Qc8 20. Bd6 Qa6+ 0-1

[Event "Mechanics' Fall TNM; 30/90, SD/30"]
[Site "San Francisco"]
[Date "2009.11.03"]
[Round "3.24"]
[White "Nelson, Christopher"]
[Black "Sherwood, Peter"]
[Result "1-0"]
[WhiteElo "1588"]
[BlackElo "1737"]
[PlyCount "97"]
[EventDate "2009.??.??"]

1. d4 d5 2. Nf3 Nf6 3. Bg5 Ne4 4. Bf4 c5 5. e3 Qb6 6. Qc1 Nc6 7. c3 e6 8. Bd3
Be7 9. Nbd2 f5 10. O-O O-O 11. Ne5 Bf6 12. Ndf3 Qd8 13. Nxc6 bxc6 14. Ne5 Bb7
15. Bxe4 fxe4 16. dxc5 Qe8 17. Qd1 Bxe5 18. Bxe5 Rf5 19. Bd6 Qf7 20. f4 Ba6 21.
Rf2 Re8 22. g4 Qg6 23. Rg2 Rf7 24. h4 Qf6 25. Qe1 Qd8 26. g5 Rf5 27. Be5 Qd7
28. h5 Ref8 29. Rd1 Rxe5 30. fxe5 Rf1+ 31. Qxf1 Bxf1 32. Rxf1 Qc7 33. Rgf2 Qe7
34. Rf8+ Qxf8 35. Rxf8+ Kxf8 36. Kf2 Ke7 37. b4 Kd7 38. a4 Kc7 39. Ke2 a6 40.
a5 Kb7 41. Kd2 Kc7 42. c4 Kd7 43. Kc3 Kc7 44. Kd4 Kd7 45. cxd5 exd5 46. b5 cxb5
47. Kxd5 b4 48. Kc4 Ke6 49. c6 1-0

[Event "Mechanics' Fall TNM; 30/90, SD/30"]
[Site "San Francisco"]
[Date "2009.12.15"]
[Round "9.19"]
[White "Nelson, Christopher"]
[Black "Standen, Julian"]
[Result "1-0"]
[WhiteElo "1588"]
[BlackElo "1716"]
[PlyCount "54"]
[EventDate "2009.??.??"]

1. d4 d5 2. Nf3 Nf6 3. Bg5 Ne4 4. Bh4 c5 5. e3 Qb6 6. Qc1 e6 7. c3 Be7 8. Bxe7
Kxe7 9. Nbd2 Nxd2 10. Qxd2 Nc6 11. Bd3 h6 12. Rd1 cxd4 13. exd4 Bd7 14. O-O
Rhe8 15. Rfe1 Kf8 16. b4 Ne7 17. Ne5 Rad8 18. Qf4 f5 19. Re3 Bb5 20. Qh4 Nc6
21. Ng6+ Kg8 22. Rg3 Bxd3 23. Rdxd3 Qc7 24. Nf4 Kh7 25. Nh5 Rd7 26. Rxg7+ Rxg7
27. Nf6+ Kh8 1-0

[Event "Mechanics' Winter TNM; 30/90, SD/30"]
[Site "San Francisco"]
[Date "2009.02.03"]
[Round "5.27"]
[White "Nelson, Christopher"]
[Black "Star, Spencer"]
[Result "1-0"]
[WhiteElo "1407"]
[BlackElo "1088"]
[PlyCount "55"]
[EventDate "2009.??.??"]

1. d4 Nf6 2. Nf3 g6 3. Bg5 Bg7 4. e3 O-O 5. Bd3 d5 6. Nbd2 b6 7. c3 c5 8. Qe2
Nbd7 9. O-O Qc7 10. Bf4 Qd8 11. e4 dxe4 12. Nxe4 Nxe4 13. Bxe4 Rb8 14. Bxb8
Nxb8 15. dxc5 Ba6 16. c4 bxc5 17. Rad1 Qb6 18. b3 e6 19. Rfe1 Nc6 20. Bxc6 Qxc6
21. Ne5 Bxe5 22. Qxe5 Bb7 23. f3 f6 24. Qxe6+ Qxe6 25. Rxe6 Bc8 26. Re7 a6 27.
Rc7 Rf7 28. Rd8+ 1-0

[Event "Mechanics' Winter TNM; 30/90, SD/30"]
[Site "San Francisco"]
[Date "2009.02.17"]
[Round "7.25"]
[White "Nelson, Christopher"]
[Black "Starr, Albert"]
[Result "0-1"]
[WhiteElo "1407"]
[BlackElo "1502"]
[PlyCount "126"]
[EventDate "2009.??.??"]

1. d4 f5 2. Nf3 Nf6 3. c4 g6 4. Nc3 Bg7 5. e3 O-O 6. Bd3 d6 7. d5 e5 8. dxe6
Bxe6 9. Ng5 Bd7 10. Qb3 Qe7 11. c5+ Kh8 12. Bc4 dxc5 13. Nf7+ Rxf7 14. Bxf7 b6
15. Bc4 Bc6 16. Nd5 Nxd5 17. Bxd5 Bxd5 18. Qxd5 c6 19. Qf3 Qe6 20. O-O Nd7 21.
Rd1 Ne5 22. Qg3 a5 23. f4 Nc4 24. Rb1 Qe4 25. Qg5 Rg8 26. Ra1 Qe8 27. Rb1 Nxe3
28. Bxe3 Qxe3+ 29. Kf1 Bd4 30. Qh4 Re8 31. Rxd4 cxd4 32. Qg3 Qxg3 33. hxg3 Kg7
34. b4 a4 35. Rc1 Re6 36. Rc4 Rd6 37. Ke2 b5 38. Rc1 Kf6 39. Kf3 Ke6 40. Rc5 d3
41. Re5+ Kd7 42. Re1 Rd4 43. a3 Rc4 44. Ke3 Re4+ 45. Kd2 Rxe1 46. Kxe1 Kd6 47.
Kd2 c5 48. Kxd3 cxb4 49. axb4 Kd5 50. Kc3 a3 51. Kb3 a2 52. Kxa2 Kc4 53. Ka3
Kc3 54. g4 fxg4 55. f5 gxf5 56. g3 h6 57. Ka2 Kxb4 58. Kb2 Kc4 59. Kc2 b4 60.
Kb2 b3 61. Kc1 Kc3 62. Kb1 b2 63. Ka2 Kc2 0-1

[Event "Mechanics' Summer TNM; 30/90, SD/30"]
[Site "San Francisco"]
[Date "2009.07.14"]
[Round "8.15"]
[White "Newey, Richard"]
[Black "Campers, Willie"]
[Result "1-0"]
[WhiteElo "1716"]
[BlackElo "1816"]
[PlyCount "99"]
[EventDate "2009.??.??"]

1. e4 e6 2. d4 d5 3. Nd2 Be7 4. f4 c5 5. Ngf3 Qa5 6. c3 cxd4 7. Nxd4 Nc6 8.
N2b3 Qb6 9. e5 a6 10. Be3 Qc7 11. Bd3 Nh6 12. Qh5 O-O 13. g4 f5 14. gxf5 exf5
15. h3 Nd8 16. Qf3 Qd7 17. O-O-O b5 18. Na5 b4 19. c4 Rb8 20. Qxd5+ Kh8 21.
Qxd7 Bxd7 22. Be2 Bc5 23. Nxf5 Bxe3+ 24. Nxe3 Ba4 25. b3 Be8 26. Rhf1 Ne6 27.
f5 Ng5 28. Bg4 Ne4 29. e6 Nc3 30. Rd2 Ng8 31. Nd5 Ne4 32. Rd3 g6 33. e7 Rf7 34.
f6 Nexf6 35. Be6 Nxd5 36. Bxf7 Ndxe7 37. Bxe8 Rxe8 38. Re3 Rc8 39. Re6 Ra8 40.
Rf7 Nf5 41. Rb6 Ngh6 42. Rd7 Ng8 43. Rbb7 Nf6 44. Ra7 Re8 45. Rf7 Re6 46. c5
Nh6 47. Rf8+ Nfg8 48. c6 Re5 49. Nc4 Rc5 50. c7 1-0

[Event "Mechanics' Winter TNM; 30/90, SD/30"]
[Site "San Francisco"]
[Date "2009.02.24"]
[Round "8.20"]
[White "Newey, Richard"]
[Black "Chirila, Sergiu"]
[Result "0-1"]
[WhiteElo "1690"]
[BlackElo "1734"]
[PlyCount "68"]
[EventDate "2009.??.??"]

1. e4 e5 2. Nf3 Nf6 3. Nc3 Nc6 4. Bb5 Bc5 5. O-O d6 6. d4 exd4 7. Nxd4 Bd7 8.
Be3 Ne5 9. Bxd7+ Qxd7 10. Nf5 g6 11. Nd4 Nfg4 12. Qe2 a6 13. Rad1 O-O-O 14. a3
f5 15. Nxf5 gxf5 16. Bxc5 f4 17. f3 Nf6 18. Bd4 Qe6 19. Bxe5 Qxe5 20. Qf2 Rhg8
21. Qd4 Qg5 22. Rd2 h5 23. Nd5 Nd7 24. Qc4 c6 25. Nc3 Ne5 26. Qe6+ Kc7 27. Rff2
Qh4 28. Rde2 Rg6 29. Qb3 Rdg8 30. Kh1 Nxf3 31. Rxf3 Rxg2 32. Qf7+ Kb6 33. Qb3+
Ka7 34. Nb5+ axb5 0-1

[Event "Mechanics' Spring TNM; 30/90, SD/30"]
[Site "San Francisco"]
[Date "2009.04.14"]
[Round "5.19"]
[White "Newey, Richard"]
[Black "Clarke, Steven"]
[Result "0-1"]
[WhiteElo "1690"]
[BlackElo "1374"]
[PlyCount "44"]
[EventDate "2009.??.??"]

1. e4 e6 2. d4 d5 3. Nd2 c5 4. exd5 exd5 5. Bb5+ Bd7 6. Qe2+ Qe7 7. Bxd7+ Nxd7
8. dxc5 Qxe2+ 9. Nxe2 Bxc5 10. Nb3 Ngf6 11. Bf4 O-O 12. O-O Rfe8 13. Nxc5 Nxc5
14. Nc3 d4 15. Nb5 d3 16. Nc7 dxc2 17. Nxa8 Rxa8 18. Be5 Nd3 19. f4 Rc8 20. Bc3
Ne4 21. Rac1 Nxc1 22. Rxc1 Rd8 0-1

[Event "Mechanics' Summer TNM; 30/90, SD/30"]
[Site "San Francisco"]
[Date "2009.06.09"]
[Round "3.26"]
[White "Newey, Richard"]
[Black "Cole, Tony"]
[Result "1-0"]
[WhiteElo "1716"]
[BlackElo "1489"]
[PlyCount "137"]
[EventDate "2009.??.??"]

1. e4 e5 2. Nf3 Nc6 3. Bc4 Qf6 4. d3 Bc5 5. O-O d6 6. Ng5 Nh6 7. Nc3 Be6 8.
Nxe6 fxe6 9. Qh5+ Nf7 10. Na4 g6 11. Qg4 Nd4 12. c3 h5 13. Qd1 Nc6 14. Nxc5
dxc5 15. f4 Qe7 16. f5 gxf5 17. exf5 exf5 18. Rxf5 Nd6 19. Rxh5 Qg7 20. Bd5
O-O-O 21. Bxc6 bxc6 22. Rg5 Qh7 23. h3 Nf5 24. b3 Nh4 25. Qg4+ Kb8 26. Rg7 Qxd3
27. Bg5 Qxc3 28. Bxd8 Qxa1+ 29. Kh2 Rxd8 30. Qxh4 Rd1 31. Qe7 Rh1+ 32. Kg3 Qc3+
33. Kg4 Qd4+ 34. Kg5 Qf4+ 35. Kg6 Qe4+ 36. Kh6 Qf4+ 37. Kh7 e4 38. Rf7 Qd6 39.
Qxe4 Qd5 40. Qe8+ Kb7 41. Rg7 Qf5+ 42. Kh8 Qc8 43. Qxc8+ Kxc8 44. Re7 Kd8 45.
Re3 Rc1 46. g4 Rc2 47. a4 a5 48. g5 c4 49. g6 cxb3 50. Rxb3 Rc5 51. Re3 Rh5+
52. Kg8 Rg5 53. g7 Kc8 54. Kf7 Kb7 55. g8=Q Rxg8 56. Kxg8 c5 57. h4 Kc6 58. h5
Kd5 59. h6 Kd4 60. Re1 Kd3 61. h7 Kd2 62. Re6 c4 63. h8=Q c3 64. Qd4+ Kc2 65.
Rc6 Kb1 66. Rxc3 c5 67. Qd1+ Ka2 68. Qd2+ Kb1 69. Rc1# 1-0

[Event "Mechanics' Winter TNM; 30/90, SD/30"]
[Site "San Francisco"]
[Date "2009.02.03"]
[Round "5.23"]
[White "Newey, Richard"]
[Black "Cole, Tony"]
[Result "1-0"]
[WhiteElo "1690"]
[BlackElo "1359"]
[PlyCount "83"]
[EventDate "2009.??.??"]

1. e4 d6 2. d4 Nf6 3. Bd3 Nc6 4. c3 Bd7 5. f4 e5 6. Nf3 exd4 7. cxd4 a6 8. O-O
Bg4 9. Bc2 Qd7 10. Nc3 O-O-O 11. d5 Nb8 12. Qd4 Bxf3 13. Rxf3 Ng4 14. a4 f6 15.
a5 Qf7 16. Na4 c6 17. Nb6+ Kc7 18. Ba4 c5 19. Qd3 g5 20. e5 dxe5 21. Na8+ Kc8
22. Qf5+ Nd7 23. Qxg4 f5 24. Qg3 e4 25. fxg5 Ne5 26. Qxe5 Bd6 27. Qxf5+ Qxf5
28. Rxf5 Kb8 29. Nb6 Ka7 30. Be3 Kb8 31. Bf4 Kc7 32. Rf7+ Kb8 33. Re1 Bxf4 34.
Rxf4 Rdg8 35. h4 h6 36. Rfxe4 hxg5 37. hxg5 Rxg5 38. d6 Rgh5 39. Re8+ Ka7 40.
Rxh8 Rxh8 41. d7 Kb8 42. Re8+ 1-0

[Event "Mechanics' Wilkerson Mem TNM; 30/90, SD"]
[Site "San Francisco"]
[Date "2009.08.11"]
[Round "2.26"]
[White "Newey, Richard"]
[Black "Durig, Alex"]
[Result "1-0"]
[WhiteElo "1692"]
[BlackElo "1234"]
[PlyCount "51"]
[EventDate "2009.??.??"]

1. e4 c5 2. b3 d6 3. Bc4 e6 4. Bb2 Nf6 5. Nc3 Be7 6. f4 Nc6 7. Nf3 Qc7 8. O-O
a6 9. a4 O-O 10. Kh1 Rd8 11. Qe2 d5 12. exd5 exd5 13. Bd3 Nb4 14. Rae1 Nxd3 15.
cxd3 Bf8 16. Ne5 Re8 17. Qf2 Bd6 18. Qg3 Bf5 19. Qf3 g6 20. Qg3 Re7 21. Qh4 Kg7
22. Nf3 Rxe1 23. Rxe1 Bxd3 24. Nxd5 Qd7 25. Qxf6+ Kh6 26. Qg5# 1-0

[Event "Mechanics' Summer TNM; 30/90, SD/30"]
[Site "San Francisco"]
[Date "2009.06.30"]
[Round "6.17"]
[White "Newey, Richard"]
[Black "Goodall, Michael"]
[Result "0-1"]
[WhiteElo "1716"]
[BlackElo "1800"]
[PlyCount "58"]
[EventDate "2009.??.??"]

1. e4 c5 2. Nf3 Nc6 3. d4 cxd4 4. Nxd4 Nf6 5. Nc3 d6 6. Be2 g6 7. f4 Bg7 8. Be3
O-O 9. O-O Qb6 10. Na4 (10. e5 dxe5 11. fxe5 Nxe5 12. Nf5 Qxb2 13. Nxe7+ Kh8
14. Bd4 Qb4 15. Nxc8 Rd8) 10... Qc7 11. Bf3 e5 (11... Ng4 12. Bxg4 Bxg4 13.
Qxg4 Nxd4 14. Rac1 Qc4 15. Nc3 f5 16. exf5 Nxf5) 12. Nb5 Qa5 13. Nac3 Rd8 14.
a3 Rd7 (14... exf4 15. b4 Qa6 16. Bxf4 Be6 $11) 15. b4 Qd8 16. Nd5 exf4 17.
Bxf4 Nxd5 18. exd5 Bxa1 19. Qxa1 Ne7 $2 (19... Qb6+ 20. Kh1 Qxb5 21. dxc6 bxc6
22. Bh6 Qe5 (22... f5)) 20. Kh1 $2 (20. Be4 $1) 20... Qf8 $2 (20... Nf5 21. Be4
Re7) 21. Nxd6 Rd8 22. c4 (22. Qf6 $1 h6 23. Be5 Kh7 24. Nxf7) 22... Nf5 23. Ne4
Qg7 24. Be5 Qh6 25. Bc7 (25. Nf6+ Kf8 26. Bc7 Bd7 27. Nxd7+ Rxd7 28. Qh8+)
25... Bd7 26. Bxd8 Rxd8 27. Qf6 (27. Nf6+) 27... Re8 28. Nd6 $4 (28. Qc3) 28...
Ng3+ 29. Kg1 Qe3+ 0-1

[Event "Mechanics' Winter TNM; 30/90, SD/30"]
[Site "San Francisco"]
[Date "2009.01.20"]
[Round "3.8"]
[White "Newey, Richard"]
[Black "Jaffray, John"]
[Result "0-1"]
[WhiteElo "1690"]
[BlackElo "1977"]
[PlyCount "32"]
[EventDate "2009.??.??"]

1. e4 d5 2. exd5 Qxd5 3. Nc3 Qa5 4. d4 Nf6 5. Nf3 Bf5 6. Bd3 Bxd3 7. Qxd3 e6 8.
O-O Nc6 9. Ne4 O-O-O 10. Nxf6 gxf6 11. c4 Qh5 12. Be3 Rg8 13. Kh1 Bd6 14. Qe4
Rg4 15. Qc2 Rxg2 16. Kxg2 Qg4+ 0-1